00799nam a22002297a 450000500170000001000130001702000230003003500130005303700160006604000120008208200170009424501070011126000400021827000240025830000200028250000060030265000380030870000270034694200270037399900190040095201500041920170124110155.0 aA-116992 c150.00a0691071837 aA-116992 bCen Lib/Ret aDPLbEN a181.403bENC aEncyclopedia of Indian philosophies :cedited by Karl H. PotterbIndian metaphysics and epistemology / aVaranasic1977bMotilal banarsidas  bVaranasia1. Chowk  a744p.c20cm(Hb) a  aPhilosophy vEncyclopedia 992428 aPotter, Karl H.934901 2ddccENh181.403mENC  c132494d132494 04104070aLbLd2015-07-22eCen Lib/Retg150.00l0o181.403 ENCpA-116992r2015-07-22 00:00:00t1v150.00w2015-07-22yENzW/d list no. 6804/11